00896cam a22002537i 450000100090000000300040000900500170001300800410003002000150007102000180008604000820010408200250018624500910021126400570030226400110035930000450037033600260041533700280044133800270046950400570049665000200055365100390057370000300061219345767OSt20240530110716.0161024t20162016ua a b 000 0 eng d a9774167503 a9789774167508 aYDXCPbengcYDXCPdBDXdBTCTAdOCLCQdOCLCOdOCLCFdYDXdORCdMEAUCdDLCerda04221a932.023bC C\A S00aStudies in Coptic culture :btransmission and interaction /cedited by Mariam F. Ayad. 1aCairo :bAmerican University In Cairo Press,c[2016] 4c©2016 axii, 220 pages :billustrations ;c24 cm atextbtxt2rdacontent aunmediatedbn2rdamedia avolumebnc2rdacarrier aIncludes bibliographical references (pages 199-220). 0aCoptsxHistory. 0aEgyptxReligiony332 B.C.-640 A.D.1 aAyad, Mariam F.,eeditor.